000 nam a22 7a 4500
999 _c54045
_d54045
003 OSt
005 20220728153445.0
008 220728b xxu||||| |||| 00| 0 eng d
040 _cIIMT UNIVERSITY, MEERUT
100 _aGEETA PRES
245 _aKALYAN , SHILANG
260 _aGEETA PRESS
_bGORAKHPUR
300 _a472
942 _2ddc
_c09